La Virgen de Andacollo y el niño Dios de Sotaquí

Збережено в:
Бібліографічні деталі
Автор: Uribe Echevarría, Juan (Автор)
Формат: Книга
Мова:Іспанська
Опубліковано: Valparaíso Universitaria de Valparaíso 1974
Серія:<El >Rescate
Предмети:
Теги: Додати тег
Немає тегів, Будьте першим, хто поставить тег для цього запису!

MARC

LEADER 00000nam a2200000 a 4500
001 UCT4185
003 CL-VaPUC
008 961108e19740000CL |||||||||||||||||spa|d
082 0 4 |a 291.38  |b URI  |2 21 
100 0 |a Uribe Echevarría, Juan  |e author  |9 373375 
245 1 3 |a La Virgen de Andacollo y el niño Dios de Sotaquí 
300 |a 148 p 
942 |c BK 
945 |d 19961108 00:00:00  |a rleighto 
260 |a Valparaíso  |b Universitaria de Valparaíso  |c 1974 
650 0 |a Fiestas religiosas  |9 349319 
650 0 |a Actividades culturales  |9 335506 
650 0 |a Costumbres y tradiciones   |9 268292 
650 7 |a CULTURAS POPULARES  |2 CL-VaPUC  |9 338177 
650 7 |a FOLKLORE  |2 CL-VaPUC  |9 268291 
651 0 |a Andacollo, Chile  |9 373377 
651 7 |a SOTAQUI  |2 CL-VaPUC  |9 373378 
651 7 |a CHILE  |2 CL-VaPUC  |9 373379 
583 |a last modification  |c 19961108 00:00:00  |k Rodrigo Vera 
490 0 |a <El >Rescate 
999 |c 253598  |d 253596 
952 |0 0  |1 0  |4 0  |6 291_380000000000000_URI_1974  |7 0  |8 X  |9 274535  |a FDOMLP  |b FDOMLP  |d 2019-11-19  |i 4110773  |o 291.38 URI 1974  |p 4110773  |r 2019-11-19  |w 2019-11-19  |y BK_X  |k BU2